[Event "Corona Open"]
[Site "Biel/Bienne"]
[Date "2020.07.29"]
[Round "9.25"]
[White "Fecker, Jan"]
[Black "Shatil, Shir"]
[Result "1-0"]
[WhiteElo "1898"]
[BlackElo "1826"]
[PlyCount "53"]
[EventDate "2020.07.20"]
[EventCountry "SUI"]
[SourceVersionDate "2020.07.21"]

1. d4 e6 2. Bf4 Nf6 3. Nf3 d5 4. e3 c5 5. c3 Nc6 6. Nbd2 Bd6 7. Bg3 O-O 8. Bd3
b6 9. Qe2 Bb7 10. Rd1 cxd4 11. exd4 Qc7 12. Bxd6 Qxd6 13. Ne5 Nd7 14. f4 f5 15.
Nxd7 Qxd7 16. O-O Rae8 17. Rde1 Nd8 18. Rf3 Bc6 19. Rh3 Nb7 20. Nf3 Nd6 21. Ne5
Qc7 22. Qh5 h6 23. g4 fxg4 24. Qg6 Nf5 25. Rxh6 Rf6 26. Qh7+ Kf8 27. Rxf6+ 1-0

[Event "Corona Open"]
[Site "Biel/Bienne"]
[Date "2020.07.29"]
[Round "9.26"]
[White "Lips, Adrian"]
[Black "Norden, Marc"]
[Result "1/2-1/2"]
[WhiteElo "1878"]
[BlackElo "1690"]
[PlyCount "90"]
[EventDate "2020.07.20"]
[EventCountry "SUI"]
[SourceVersionDate "2020.07.21"]

1. e4 c5 2. Nc3 Nc6 3. f4 g6 4. Nf3 Bg7 5. Bb5 Nd4 6. O-O Nxb5 7. Nxb5 Nf6 8.
e5 Nd5 9. d3 a6 10. c4 Nb4 11. Nc3 O-O 12. f5 d6 13. a3 Nc6 14. exd6 Qxd6 15.
Ne4 Qd8 16. fxg6 fxg6 17. Rb1 a5 18. Qe2 Bg4 19. Be3 b6 20. h3 Nd4 21. Bxd4
Bxd4+ 22. Kh1 Bf5 23. a4 Qd7 24. b3 Rad8 25. g4 Bxe4 26. Qxe4 Rf6 27. Ng5 Rdf8
28. Rxf6 Rxf6 29. Re1 e5 30. Nf3 Qf7 31. Kg2 Rf4 32. Qe2 Qf6 33. Rf1 g5 34. Nd2
Rxf1 35. Qxf1 Qf4 36. Qxf4 exf4 37. Kf3 Kf7 38. Ke4 Ke6 39. Nf3 h6 40. Ne1 Bc3
41. Nf3 Bd4 42. Nd2 Bc3 43. Nf1 Bb2 44. Nh2 Bc3 45. Nf3 Bd4 1/2-1/2

[Event "Corona Open"]
[Site "Biel/Bienne"]
[Date "2020.07.29"]
[Round "9.27"]
[White "Brandt, Daniel"]
[Black "Khoury, Theo"]
[Result "1-0"]
[WhiteElo "1872"]
[BlackElo "1465"]
[PlyCount "87"]
[EventDate "2020.07.20"]
[EventCountry "SUI"]
[SourceVersionDate "2020.07.21"]

1. c4 Nf6 2. g3 g6 3. d4 Bg7 4. Bg2 O-O 5. Nc3 e6 6. e4 Nc6 7. Nge2 d6 8. O-O
Bd7 9. f3 Qe7 10. Be3 Rfd8 11. Qc2 Be8 12. a3 a5 13. b3 Kh8 14. Ra2 d5 15. e5
Ng8 16. cxd5 exd5 17. f4 Qe6 18. h3 f5 19. Rc1 Nge7 20. Na4 b6 21. Nb2 Rac8 22.
Nd3 Na7 23. Qd1 Nb5 24. Bf3 Nd6 25. Rac2 c6 26. b4 axb4 27. axb4 Nc4 28. Bd2
Ra8 29. Ra1 Qd7 30. Rca2 Qb7 31. Be1 Bf7 32. Qb3 Be6 33. b5 Rxa2 34. Rxa2 Ra8
35. bxc6 Qxc6 36. Nb4 Qc8 37. Rxa8 Qxa8 38. Qxc4 Qa3 39. Qc3 Qa7 40. Qb2 Qc7
41. Qa1 Qc8 42. Qa7 Qd8 43. Na6 Nc6 44. Qc7 1-0

[Event "Corona Open"]
[Site "Biel/Bienne"]
[Date "2020.07.29"]
[Round "9.28"]
[White "Harringer, Manfred"]
[Black "Stoffregen, Guenter"]
[Result "1-0"]
[WhiteElo "2008"]
[BlackElo "1691"]
[PlyCount "95"]
[EventDate "2020.07.20"]
[EventCountry "SUI"]
[SourceVersionDate "2020.07.21"]

1. e4 c5 2. Nf3 d6 3. Bb5+ Bd7 4. Bxd7+ Qxd7 5. O-O Nc6 6. c3 Nf6 7. Re1 g6 8.
d4 Bg7 9. d5 Ne5 10. Nxe5 dxe5 11. c4 O-O 12. Nc3 Rfd8 13. Bg5 a6 14. a4 b6 15.
Ra3 Ne8 16. Qe2 Nd6 17. Rea1 Rab8 18. f3 Bf8 19. Be3 Rdc8 20. b3 Bg7 21. R3a2
f5 22. Qd3 f4 23. Bf2 Kh8 24. g4 g5 25. Qf1 Bf6 26. h4 h6 27. hxg5 hxg5 28. Be1
Kg7 29. Rh2 Rh8 30. Raa2 Rbg8 31. Rag2 Qd8 32. Bf2 Rxh2 33. Rxh2 Rh8 34. Rxh8
Qxh8 35. a5 Qb8 36. Na4 bxa5 37. Nxc5 Qb4 38. Ne6+ Kg8 39. c5 Nb5 40. Qd3 a4
41. bxa4 Qxa4 42. c6 Qa5 43. Qb1 Kf7 44. Kg2 Qc3 45. Qh1 Kg8 46. Qh5 a5 47.
Qg6+ Kh8 48. Nf8 1-0

[Event "Corona Open"]
[Site "Biel/Bienne"]
[Date "2020.07.29"]
[Round "9.29"]
[White "Moriniaux, Colin"]
[Black "Paholok, Igor"]
[Result "1-0"]
[WhiteElo "1963"]
[BlackElo "1676"]
[PlyCount "107"]
[EventDate "2020.07.20"]
[EventCountry "SUI"]
[SourceVersionDate "2020.07.21"]

1. d4 Nf6 2. c4 c5 3. d5 b5 4. cxb5 a6 5. bxa6 g6 6. Nc3 Bg7 7. e4 d6 8. Nf3
O-O 9. Be2 Bxa6 10. O-O Qb6 11. a4 Nfd7 12. Qc2 Bxe2 13. Qxe2 Na6 14. Nb5 Qb7
15. Ra3 Rfb8 16. Bf4 Nb4 17. Bg3 Nb6 18. b3 Rc8 19. Bxd6 Qd7 20. Be5 f6 21. Bc3
Na6 22. Nd2 Nc7 23. Nxc7 Qxc7 24. Nc4 Nd7 25. g3 Nb8 26. a5 Nd7 27. Rd1 Qb7 28.
f4 Ra6 29. d6 e6 30. Qd3 Kf7 31. f5 e5 32. fxg6+ hxg6 33. Ne3 Bf8 34. Qc4+ Kg7
35. Qe6 Ra7 36. Nd5 Qc6 37. Ne7 Bxe7 38. Qxe7+ Kg8 39. Ra4 Rf8 40. Qe6+ Kg7 41.
g4 Raa8 42. Qd5 Qb5 43. Qc4 Qc6 44. Raa1 Ra6 45. Rac1 f5 46. exf5 gxf5 47. Qd5
Qb5 48. Bxe5+ Nxe5 49. Qxe5+ Kg6 50. d7 Raa8 51. Rd6+ Kg5 52. Qe3+ f4 53. Rxc5+
Kxg4 54. h3+ 1-0

[Event "Corona Open"]
[Site "Biel/Bienne"]
[Date "2020.07.29"]
[Round "9.30"]
[White "Briand, Amaury"]
[Black "Schnell, Simon"]
[Result "1/2-1/2"]
[WhiteElo "1929"]
[BlackElo "1550"]
[PlyCount "122"]
[EventDate "2020.07.20"]
[EventCountry "SUI"]
[SourceVersionDate "2020.07.21"]

1. e4 c6 2. c4 d5 3. exd5 cxd5 4. cxd5 Nf6 5. Qa4+ Nbd7 6. Nc3 g6 7. Nf3 Bg7 8.
Bc4 O-O 9. O-O Nb6 10. Qb3 Nxc4 11. Qxc4 b6 12. Nd4 Bb7 13. Nc6 Qd7 14. Re1
Rfe8 15. d4 Rac8 16. Be3 Bxc6 17. dxc6 Rxc6 18. Qe2 e6 19. Rac1 Rec8 20. Qd2
Nd5 21. Ne4 Qc7 22. Rxc6 Qxc6 23. Ng3 Qc2 24. Qxc2 Rxc2 25. Re2 Rxe2 26. Nxe2
Nb4 27. Nc3 Kf8 28. Kf1 Ke7 29. Ke2 Nd5 30. Kd3 a6 31. Kc4 Nxc3 32. bxc3 Kd6
33. Kb4 Kc6 34. c4 a5+ 35. Ka4 Bf8 36. f3 Bd6 37. h3 Bc7 38. g4 Bd8 39. Bf4 f6
40. Be3 Bc7 41. Kb3 Bd6 42. a4 Bb4 43. Kc2 Bd6 44. Kd3 f5 45. Ke2 Bc7 46. g5
Bd6 47. h4 Bg3 48. Bf2 Bd6 49. Kf1 Bb4 50. Kg2 Bd6 51. Bg3 Bb4 52. Be5 Be1 53.
Bg3 Bc3 54. Bf2 Bb4 55. h5 Bd2 56. hxg6 hxg6 57. Bg3 Bxg5 58. f4 Be7 59. Kh3 g5
60. fxg5 Bxg5 61. Be5 Be7 1/2-1/2